Pays qui contiennent la lettre G - Statistiques

Statistiques générales
  • Ce quiz a été pris 248 fois
  • Le résultat moyen est 29 sur 48
Statistiques - réponses
Indice Pays % Correct
1 x G Guinée
86%
1 x G Guinée Équatoriale
82%
1 x G Guinée-Bissau
81%
1 x G Grèce
80%
1 x G Guatemala
79%
1 x G Ghana
78%
1 x G Gabon
77%
1 x G Gambie
76%
2 x G Géorgie
76%
1 x G Algérie
75%
1 x G Argentine
72%
1 x G Norvège
70%
1 x G Guyana
68%
1 x G Afghanistan
66%
1 x G Allemagne
65%
1 x G Paraguay
65%
1 x G Portugal
65%
1 x G Uruguay
64%
1 x G Belgique
63%
1 x G Égypte
63%
1 x G Espagne
62%
1 x G Grenade
61%
1 x G Angola
60%
1 x G République Démocratique du Congo
60%
1 x G République du Congo
60%
1 x G Hongrie
59%
1 x G Madagascar
58%
1 x G Pologne
58%
1 x G Cambodge
57%
1 x G Mongolie
57%
1 x G Nicaragua
57%
1 x G Bangladesh
56%
1 x G Luxembourg
54%
1 x G Antigua-et-Barbuda
53%
1 x G Bulgarie
53%
1 x G Papouasie-Nouvelle-Guinée
51%
1 x G Ouganda
50%
1 x G Bosnie-Herzégovine
49%
1 x G Niger
49%
1 x G Sénégal
49%
1 x G Nigeria
48%
1 x G Togo
47%
1 x G Kirghizistan
46%
1 x G Tonga
45%
1 x G Saint-Vincent-et-les-Grenadines
44%
1 x G Monténégro
40%
1 x G Singapour
37%
1 x G Trinité-et-Tobago
33%
Aucun quiz correspondant
Distribution des résultats
% des personnes avec chaque résultat
Percentile par nombre de réponses
Votre historique - résultats
Vous n’avez pas pris ce quiz